MDQL
is popping MORE tags! Check the
thread
!
Quizzes
Events
Quiz Creation
Community
Videos
Private Events
Remove Ads
Sign In
Join for FREE
Feedback
Dark Mode
Quiz Categories
Sports
Geography
Music
Movies
Television
Just For Fun
Miscellaneous
History
Literature
Language
Science
Gaming
Entertainment
Religion
Holiday
For Kids
Quiz Lab
Recent
Popular Today
Quiz Kudos Today
Editor Picks
Curator Picks
Quizzes by...
Day
Popularity
Type
Ratings
Length
Year
Community
Subscriptions
Recent Discussions
Orange Saloon
Badges
Playlists
Quests
Create
Leaderboards
Showdown
Live 5
Trivia Bingo
Activity
Puzzle Library
Sporcle Events
Private Events
Virtual Trivia
Globe League
Become a Host
Pub Owners
SporcleCon
Opinionation
Our Games
Videos
Blog
Mobile Apps
Partnerships
Remove Ads and Go Orange
Feedback
Movies
Disney
Marvel Cinematic Universe
Movie Resume
Movie Titles
Oscar
Actor
Actress
Director
Pixar
Role
Movie Quotes
Movie Characters
Box Office
Nominee
Best Picture
Star Wars
James Bond
Horror Movies
Movies
Disney
Marvel Cinematic Universe
Movie Resume
Movie Titles
Oscar
Actor
Actress
Director
Pixar
Role
Movie Quotes
Movie Characters
Box Office
Nominee
Best Picture
Star Wars
James Bond
Horror Movies
Random Quiz
Search Sporcle
×
Quiz Lab
Quiz Lab
Movies
World
Type in answers that appear in a list
Type in answers that appear in a list
Classic
Best Score? Go Orange.
Team America: World Police Stats
Can you name the answers regarding Team America: World Police?
By
naylor182
10m
20 Questions
480 Plays
480 Plays
480 Plays
Comments
Comments
Give Quiz Kudos
Give Quiz Kudos
-
- Ratings
hide this ad
Replay
Link that replays current quiz
Next Quiz
Link to next quiz in quiz playlist
You Got
0%
They Got
Avg Score
61%
Avg Friend Score
Upgrade to see
Score Distribution
Jump to the score distribution portion of the page
Score
0/20
Timer
10:00
0
Plays Today
Question
Answer
% Correct
Who is the spokesperson for F. A. G.?
Alec Baldwin
86.5%
What does 'F. A. G.' stand for?
Film Actors Guild
85.8%
The city in the opening scene
Paris
81%
The main character
Gary Johnston
78.8%
Who is supplying the terrorists with their weapons?
Kim Jong-il
77.9%
The location of Team America's base
Mount Rushmore
77.3%
The team's supercomputer
I.N.T.E.L.L.I.G.E.N.C.E.
77.1%
After which musical is the martial artist specialist raped as a 19-
year-
old?
Cats
71%
What animals kill Hans Blix?
Sharks
70.2%
What animals killed the main character's brother?
Gorillas
68.1%
Question
Answer
% Correct
According to the man from the bar, what three types of people are there? (In the correct order)
Dicks, pussies and ****
65.8%
Who suicide-
bombs the team's base?
Michael Moore
62.1%
The team's psychologist
Lisa
55.4%
The team's psychic
Sarah
50.2%
Where do the terrorists originate from?
Derkaderkastan
42.3%
The main character starred in what Broadway musical?
Lease
41%
The team's martial arts specialist
Chris
39.2%
The team's leader in the field
Joe
39.2%
What is the name of the main character's middle-
eastern alter ego?
Achmed
31.9%
The head of Team America
Spottswoode
24.2%
Quiz Playlist
Details
Report
Send in Message
Add To Playlist
Classic:
Type in answers that appear in a list
Last Updated: Feb 16, 2017
Quiz Scoreboard
CHALLENGE
Sign Up to Join the Scoreboard
Show All
Scores
Hide
Comments
May contain spoilers
Recently Published
1-10 Letter E Words III
by El_Dandy
Language
2m
Street Fighter Characters
by Artimus82
Gaming
60s
College Basketball Coaching Resumes
by pancakes188
Sports
9m
More to Explore
Quiz From the Vault
Featured Blog Post
Where Did the Easter Bunny Come From?
hide this ad
You Might Also Like...
Tags
World Quiz
America
police
Regarding
team
Team America
World Police
Today's Top Quizzes in Movies
Browse Movies
hide this ad
Today's Top Quizzes in World
Browse World
Top Contributed Quizzes in Movies
1
Pick 5 Posters: Directed by Spielberg
2
7-to-1: Pixar Characters
3
Hidden Star Wars Character II
4
Hidden Star Wars Character III
5
Pick 5 Posters: Lowest-Rated Spielberg
6
Sorting Actresses
7
Sorting Actors
8
Hidden Star Wars Character IV
9
Hidden Star Wars Character V
10
Pick 5 Posters: Directed by Scorsese
Explore More
Trending Topics
Anime
Harry Potter
Crossword
NBA
Disney
Kpop
Marvel
NFL
The Office
Song
Soccer
Country
Pokémon
WWE
Puzzle
hide this ad
More By:
naylor182
Quiz
Plays
Rating
Category
Featured
Created
Star Wars A-Z: II
2,165
3.75
Movies
Nov 4, 2009
Queens of the Stone Age Album Tracks
1,754
4.29
Music
Sep 23, 2009
Bioshock
1,604
4.63
Gaming
Oct 29, 2009
Team America: World Police
480
5.00
Movies
Oct 16, 2009
disguises of Brian Butterfield?
135
5.00
Entertainment
Oct 24, 2010
Go to Creator's Profile
Score Distribution
Quiz Creator Spotlight
naylor182
Follow
Send a Message
Quizzes Created
-
Created Quiz Play Count
-
More By This Creator
Popular Quizzes Today
1
Find the US States - No Outlines Minefield
2
Find the Countries of Europe - No Outlines Minefield
3
The Countries of the World
4
Find the US States
5
Risky Map Clicking: Biggest States A-Z
6
US States
7
Popular People in 1961
8
Movies - When Are They Set?
More Movies Quizzes
In Which Harry Potter Movie: Lucius Malfoy
Quiz Lab
Trending Quizzes
Risky Map Clicking: Least Populous States A-Z
1-10 Letter G Words
1-10 Letter F Words
Countries of the World: 200 Million BC
Risky Map Clicking: Next State Alphabetically
Recently Updated
Beyoncé Albums
pecheneg
Leaping Animals
pecheneg
Reality TV Shows (A-Z)
bhenderson79
Rickey Henderson's Hall of Fame Teammates
pecheneg
Champions League XIs: Arsenal
pecheneg
Quick Pick: Celebrities in WWE's Hall of Fame
aduchscher
A-Z Keypad Blitz II
pecheneg
Multiple Oscar Actors
pecheneg
Mystery Phrase Blitz: Oscar 'Best Actors'
pecheneg
F. Scott Fitzgerald Novels
LTH
Trending Topics
Marvel
Anime
Crossword
Disney
Kpop
NBA
Harry Potter
Pokémon
Song
Country
Puzzle
Soccer
The Office
NFL
WWE
Your Account Isn't Verified!
In order to create a playlist on Sporcle, you need to verify the email address you used during registration. Go to your
Sporcle Settings
to finish the process.
Report this User
Report this user for behavior that violates our
Community Guidelines
.
Details:
Send Report
Go to the Sporcle.com Mobile Site →
Comments